000 00234nam a2200121Ia 4500
100 _aAggarwal/R.S
942 _cBK
245 _aQuantitative Aptitude
260 _bS.Chand
_c2017
300 _a952
546 _aENGLISH
999 _c27910
_d27910